| 000 | 00314 a2200121 4500 | ||
|---|---|---|---|
| 020 | _a0070214638 | ||
| 082 | _a620.11223 FON | ||
| 100 | _aFontana, Mars G. | ||
| 245 |
_aCorrosion Engineering _cMars G. Fontana |
||
| 250 | _a3rd ed. | ||
| 260 |
_aNew York : _bMc Graw Hill, _c1987 |
||
| 300 |
_axix, 556p. : _bill . ; _c21 cm |
||
| 650 | _aCorrosion | ||
| 999 |
_c817 _d817 |
||